00848nam a22002297a 450000500170000001000130001702000110003003500130004103700160005404000120007008200250008210000420010724500630014924600330021226000770024527001090032230000530043165000480048465000430053265000240057565000190059920170124103025.0  aA-833896  c100.00  aA-833896  bCen Lib/Ret  aDPLbHN  aकbरावसी  aराव, सी.भास्कर   aदावानल /cसी.भास्कर राव   aDavanal /bby C.Bhaskar Rao   aनई दिल्ली bशारदा प्रकाशन c1997  a16/एफ-3, अंसारी रोड, दरियागंज bनई दिल्ली e110002  a192पृ. c17सेमी (सजिल्द)  aहिन्दी -- साहित्य  aहिन्दी -- कहानी   aHindi -- Literature  aHindi -- Story